00441 2200181 4500245003900000020002200039250001100061100001500072700002000087700002100107650001200128005001900140260004400159041001400203084000800217300002500225336000900250 aMengenal MoluskacHendrawatihText a978-602-8823-04-3 aCet. 2 aHendrawati aRia Novita Sari aEndah Rukmini W. aMoluska a20230307114005 aJakartabIntimedia Ciptanusantarac2013 aIndonesia a594 avi, 57 hlm. :cilus. atext